000 00566nam a2200205Ia 4500
005 20250508164459.0
008 008 250505s9999 xx 000 0 eng d
037 _aTextual
040 _aFEDL
_beng
_cFEDL
041 _aeng
_2eng
084 _a305.8, ROS
_qFEDL
100 _aRose Dan
_992077
245 0 _aLiving the ethnographic life
260 _aNewbury Park
_bSage Publications
_c1990
300 _a64p.
490 _aQualitative research methods V.23
650 _aEthnography
942 _cTEXL
_h305.8, ROS
999 _c1389345
_d1389345